000 00358 a2200169 4500
001 186237
020 _a85-08-06119-6
040 _cMagnum
100 _aBandeira, Pedro
240 1 0 _aGente de estimação
_lpor
245 1 0 _aGente de estimação
300 _a100
362 0 _a1996
440 1 _aÁtica
697 _aLITERATURA JUVENIL
942 _cBK
999 _c186237
_d186237